| 000 | 00759nam a22002057a 4500 | ||
|---|---|---|---|
| 999 |
_c11499 _d11499 |
||
| 003 | AR-CdUCM | ||
| 008 | 190404b ||||| |||| 00| 0 spa d | ||
| 040 |
_aMUNICIPALIDAD PROVINCIAL DEL CUSCO _cBIBLIOTECA MUNICIPAL DEL CUSCO |
||
| 082 |
_a869.61 / _bO86 / 1942 |
||
| 100 |
_aOtero Silva, Miguel _99549 |
||
| 245 |
_a25 poemas : _bSelección de "Agua y Sauce" y otros poemas / |
||
| 260 |
_aCaracas : _bElite, _c1942. |
||
| 300 |
_a126 páginas ; _c23 cm. |
||
| 505 | _aContenido : La música dormida en las ramas de américa -- El libertador -- Niño campesino -- Contra punto -- Maremare se murió -- La compañera muerta ... | ||
| 650 |
_aPoesía _9139 |
||
| 650 |
_aSiglo XX _98 |
||
| 650 |
_aCaracas _93923 |
||
| 942 |
_2ddc _cLIBROS |
||
| 945 | _arah | ||